01243nam a2200313 a 4500001001200000003000800012006001900020007001500039008004100054010001700095020001500112020001800127020002700145040002100172035002100193050002500214082001600239100002700255245012800282260006200410300001900472490003800491504005100529533015200580650002500732655002900757710001700786856012600803ebr10660624CaPaEBRm o u cr cn|||||||||110406s2011 enka sb 001 0 eng d z 2011012249 z1848213115 z9781848213111 z9781118603314 (e-book) aCaPaEBRcCaPaEBR a(OCoLC)82842461514aQA274.2b.M33 2011eb04a519.2/22221 aMackevicius, Vigirdas.10aIntroduction to stochastic analysish[electronic resource] :bintegrals and differential equations /cVigirdas Mackevicius. aLondon :bISTE Ltd ;aHoboken, N.J. :bJohn Wiley,c2011. a276 p. :bill.0 aApplied stochastic methods series aIncludes bibliographical references and index. aElectronic reproduction.bPalo Alto, Calif. :cebrary,d2015.nAvailable via World Wide Web.nAccess may be limited to ebrary affiliated libraries. 0aStochastic analysis. 7aElectronic books.2local2 aebrary, Inc.40uhttp://site.ebrary.com/lib/rucke/Doc?id=10660624zAn electronic book accessible through the World Wide Web; click to view